[Event "Online Olym Disabilities"]
[Site "Tornelo INT"]
[Date "2020.11.24"]
[Round "4.25"]
[White "Hishigbayar, Mishig"]
[Black "Talikadze, Leri"]
[Result "1-0"]
[WhiteElo "1847"]
[BlackElo "1162"]
[PlyCount "147"]
[EventDate "2020.11.21"]
[EventType "team-swiss (rapid)"]
[EventRounds "7"]
[EventCountry "NET"]
[SourceTitle "CBM 199 Extra"]
[Source "ChessBase"]
[SourceDate "2021.01.31"]
[SourceVersion "1"]
[SourceVersionDate "2021.01.31"]
[SourceQuality "1"]
[WhiteTeam "Mongolia"]
[BlackTeam "Georgia"]
[WhiteTeamCountry "MGL"]
[BlackTeamCountry "GEO"]

1. d4 Nf6 2. c4 e6 3. Nc3 d5 4. Bg5 c6 5. e3 Be7 6. Bd3 Nbd7 7. Nge2 Qa5 8. Bh4 0-0 9. 0-0 dxc4 10. Bxc4 b5 11. Bd3 Bb7 12. a3 a6 13. Rc1 Rac8 14. Bb1 Rfd8 15. f3 c5 16. Qc2 Nf8 17. Rfd1 cxd4 18. exd4 Ng6 19. Bf2 b4 20. axb4 Qxb4 21. Be1 Qa5 22. Qb3 Bd5 23. Nxd5 Qxd5 24. Qa4 Qb5 25. Qxb5 axb5 26. Ba5 Rf8 27. Bb6 Nd7 28. Bc7 Nf6 29. Bb6 Nd7 30. Bc7 Nf6 31. Bxg6 hxg6 32. Be5 Nd7 33. Bg3 b4 34. d5 exd5 35. Rxd5 Nf6 36. Rdd1 Rfe8 37. Kf1 Kf8 38. Nd4 Bc5 39. Nb3 Be3 40. Bd6+ Kg8 41. Rxc8 Rxc8 42. Rd3 Bb6 43. Bxb4 Rc2 44. Rd2 Rc4 45. Bc3 Nh5 46. g3 Nf6 47. Rd6 Bc7 48. Rd3 Kf8 49. Nd2 Ra4 50. Kg2 Ke7 51. Re3+ Kd7 52. Rd3+ Ke7 53. Nb3 Rc4 54. Bxf6+ gxf6 55. Rc3 Rxc3 56. bxc3 Kd6 57. Kf2 Bb6+ 58. Ke2 Bg1 59. h3 Bh2 60. g4 Ke5 61. Kf2 f5 62. Nd4 Kd5 63. gxf5 g5 64. Ke3 Bf4+ 65. Kd3 Be5 66. Nc2 Bc7 67. Ne3+ Ke5 68. c4 Kf4 69. c5 Kxf3 70. Ng4 Kf4 71. Nh6 Kg3 72. Nxf7 Kf4 73. Nd6 Kg3 74. f6 1-0

[Event "Online Olym Disabilities"]
[Site "Tornelo INT"]
[Date "2020.11.22"]
[Round "2.24"]
[White "Hishigbayar, Mishig"]
[Black "Shahpalangov, Aydin"]
[Result "0-1"]
[WhiteElo "1847"]
[BlackElo "1945"]
[PlyCount "150"]
[EventDate "2020.11.21"]
[EventType "team-swiss (rapid)"]
[EventRounds "7"]
[EventCountry "NET"]
[SourceTitle "CBM 199 Extra"]
[Source "ChessBase"]
[SourceDate "2021.01.31"]
[SourceVersion "1"]
[SourceVersionDate "2021.01.31"]
[SourceQuality "1"]
[WhiteTeam "Mongolia"]
[BlackTeam "Azerbaijan"]
[WhiteTeamCountry "MGL"]
[BlackTeamCountry "AZE"]

1. d4 d5 2. c4 e6 3. Nc3 Nf6 4. Bg5 Be7 5. e3 a6 6. a4 0-0 7. Bd3 b6 8. Nge2 Bb7 9. 0-0 Nbd7 10. Rc1 c5 11. cxd5 exd5 12. Bb1 Re8 13. Qc2 Nf8 14. Rcd1 c4 15. f3 Rc8 16. Bxf6 Bxf6 17. e4 dxe4 18. fxe4 Bg5 19. Rf3 b5 20. axb5 axb5 21. Ng3 b4 22. Nce2 h5 23. d5 g6 24. Nd4 Nd7 25. Kh1 Ne5 26. Rff1 Bh6 27. Qf2 Rc7 28. h3 Qh4 29. Nf3 Qf4 30. Nxe5 Qxe5 31. Qf6 Qxf6 32. Rxf6 Bg7 33. Rf2 Be5 34. Nf1 Ba6 35. Ne3 Bb5 36. d6 Rd7 37. Rd5 Ba6 38. Rfd2 Bf4 39. Re2 Rxd6 40. Rxd6 Bxd6 41. Nd5 c3 42. Nf6+ Kf8 43. Nxe8 Kxe8 44. Rf2 Bc4 45. bxc3 bxc3 46. Bc2 Ke7 47. Rf3 Be5 48. g4 hxg4 49. hxg4 Be2 50. Rf2 Bxg4 51. Kg2 f6 52. Rf1 Kd6 53. Bd1 Bxd1 54. Rxd1+ Kc5 55. Kf3 Kc4 56. Ke3 c2 57. Rf1 Kc3 58. Ke2 Kb2 59. Kd2 c1Q+ 60. Rxc1 Bf4+ 61. Kd3 Bxc1 62. Kd4 Kc2 63. e5 Bb2+ 64. Ke4 Bxe5 65. Kf3 f5 66. Ke3 g5 67. Kf3 Kd3 68. Kf2 g4 69. Kg2 Ke2 70. Kg1 Kf3 71. Kh1 g3 72. Kg1 Bd4+ 73. Kh1 g2+ 74. Kh2 g1Q+ 75. Kh3 Qg3# 0-1

[Event "Online Olym Disabilities"]
[Site "Tornelo INT"]
[Date "2020.11.21"]
[Round "1.23"]
[White "Redor, Menandro"]
[Black "Hishigbayar, Mishig"]
[Result "1-0"]
[WhiteElo "2019"]
[BlackElo "1847"]
[PlyCount "79"]
[EventDate "2020.11.21"]
[EventType "team-swiss (rapid)"]
[EventRounds "7"]
[EventCountry "NET"]
[SourceTitle "CBM 199 Extra"]
[Source "ChessBase"]
[SourceDate "2021.01.31"]
[SourceVersion "1"]
[SourceVersionDate "2021.01.31"]
[SourceQuality "1"]
[WhiteTeam "Philippines II"]
[BlackTeam "Mongolia"]
[WhiteTeamCountry "PHI"]
[BlackTeamCountry "MGL"]

1. Nf3 d5 2. d4 e6 3. Bf4 c5 4. e3 Nc6 5. c3 Nf6 6. Nbd2 cxd4 7. exd4 Bd6 8. Bg3 0-0 9. Bd3 h6 10. Ne5 Bxe5 11. dxe5 Nd7 12. Qe2 f6 13. exf6 Nxf6 14. 0-0 Re8 15. Nf3 Qe7 16. Ne5 Bd7 17. Rad1 Nxe5 18. Bxe5 Bc6 19. Bb1 Nd7 20. f4 Qc5+ 21. Bd4 Qb5 22. Qc2 Nf8 23. Rd3 Rad8 24. Rg3 Rd7 25. Re1 Rf7 26. h3 Qa5 27. Kh2 Qc7 28. Be5 Qd8 29. Ree3 Ree7 30. Rg4 a6 31. Reg3 Qd7 32. Rh4 Rf5 33. Rxh6 Qe8 34. Qe2 Rxe5 35. Qxe5 Qf7 36. Qg5 Be8 37. Qh4 g6 38. Rh8+ Kg7 39. Qh6+ Kf6 40. Rxf8 1-0

[Event "MGL-ch (Women)"]
[Site "Ulaanbaatar"]
[Date "2009.04.20"]
[Round "12"]
[White "Anu, Bayar"]
[Black "Hishigbayar, Mishig"]
[Result "1-0"]
[WhiteElo "1855"]
[BlackElo "2065"]
[PlyCount "91"]
[EventDate "2009.04.11"]
[EventType "tourn"]
[EventRounds "13"]
[EventCountry "MGL"]
[SourceTitle "CBM 130 Extra"]
[Source "ChessBase"]
[SourceDate "2009.07.02"]
[SourceVersion "2"]
[SourceVersionDate "2009.07.15"]
[SourceQuality "1"]

1. e4 c5 2. Nf3 d6 3. d4 cxd4 4. Nxd4 Nc6 5. Nc3 Nf6 6. Be2 g6 7. Bg5 Bg7 8. Nb3 Bd7 9. 0-0 0-0 10. Kh1 Rc8 11. f4 Ne8 12. Qe1 Nc7 13. Rd1 Ne6 14. Bh4 Qe8 15. f5 Nc5 16. Nxc5 dxc5 17. Nd5 f6 18. Bg3 e6 19. Nc7 Qf7 20. Bc4 Nd8 21. Bd6 Kh8 22. Bxf8 Bxf8 23. fxe6 Nxe6 24. Rxd7 Qxd7 25. Nxe6 Be7 26. Qe2 b5 27. Rd1 Qc6 28. Bd5 Qb6 29. Qe3 Bf8 30. b4 cxb4 31. Qxb6 axb6 32. Nxf8 Rxf8 33. Kg1 Rc8 34. Bb3 Re8 35. Rd4 Kg7 36. Rxb4 Re5 37. Kf2 Kh6 38. Rd4 Kg5 39. Rd5 Kf4 40. Rxe5 fxe5 41. Bd5 b4 42. g3+ Kg4 43. Be6+ Kg5 44. Ke3 h5 45. Kd3 h4 46. Kc4 1-0

[Event "MGL-ch (Women)"]
[Site "Ulaanbaatar"]
[Date "2009.04.19"]
[Round "10"]
[White "Erdenetsetseg, Baatar"]
[Black "Hishigbayar, Mishig"]
[Result "0-1"]
[WhiteElo "1965"]
[BlackElo "2065"]
[PlyCount "86"]
[EventDate "2009.04.11"]
[EventType "tourn"]
[EventRounds "13"]
[EventCountry "MGL"]
[SourceTitle "CBM 130 Extra"]
[Source "ChessBase"]
[SourceDate "2009.07.02"]
[SourceVersion "2"]
[SourceVersionDate "2009.07.15"]
[SourceQuality "1"]

1. d4 d5 2. c4 c6 3. Nf3 Nf6 4. Bg5 h6 5. Bd2 e6 6. Nc3 Be7 7. e3 0-0 8. Ne5 Nbd7 9. Be2 Nxe5 10. dxe5 Nd7 11. f4 f6 12. exf6 Bxf6 13. 0-0 Nb6 14. Kh1 dxc4 15. e4 Bd4 16. a4 a5 17. Qc2 e5 18. f5 Bd7 19. Nd1 Qe7 20. Bxc4+ Nxc4 21. Qxc4+ Kh7 22. Ra3 b5 23. Qc1 b4 24. Rb3 c5 25. Rh3 Ra6 26. b3 Qe8 27. Ne3 Bc6 28. Qc2 Qa8 29. Rh4 Bb7 30. Nc4 Qd8 31. Rh3 Qa8 32. Re1 Rxf5 33. Bxh6 Bxe4 34. Bf4+ Kg8 35. Rxe4 Rxf4 36. Rxf4 exf4 37. Qh7+ Kf7 38. Rf3 Rf6 39. Qh4 Qb8 40. Nxa5 Qe5 41. Nc4 Qe2 42. h3 Qd1+ 43. Kh2 Qg1# 0-1

[Event "MGL-ch (Women)"]
[Site "Ulaanbaatar"]
[Date "2009.04.16"]
[Round "8"]
[White "Amgalan, Ganbaatar"]
[Black "Hishigbayar, Mishig"]
[Result "1-0"]
[WhiteElo "1961"]
[BlackElo "2065"]
[PlyCount "52"]
[EventDate "2009.04.11"]
[EventType "tourn"]
[EventRounds "13"]
[EventCountry "MGL"]
[SourceTitle "CBM 130 Extra"]
[Source "ChessBase"]
[SourceDate "2009.07.02"]
[SourceVersion "2"]
[SourceVersionDate "2009.07.15"]
[SourceQuality "1"]

1. d4 d5 2. c4 c6 3. Nc3 Nf6 4. cxd5 cxd5 5. Bg5 e6 6. a3 Be7 7. Nf3 0-0 8. e3 Nc6 9. Bd3 b6 10. Qc2 h6 11. h4 Bb7 12. Ne5 Rc8 13. f3 Na5 14. g4 Nc4 15. Kf2 Nxe5 16. dxe5 Nd7 17. Bf4 Nc5 18. Bh7+ Kh8 19. g5 d4 20. exd4 Qxd4+ 21. Be3 Nd3+ 22. Ke2 Nf4+ 23. Kf2 Qxe5 24. gxh6 gxh6 25. Rad1 f5 26. Rd4 Bc5 1-0

[Event "MGL-ch (Women)"]
[Site "Ulaanbaatar"]
[Date "2009.04.11"]
[Round "1"]
[White "Munkhchuluun, Tsegmed"]
[Black "Hishigbayar, Mishig"]
[Result "1/2-1/2"]
[WhiteElo "2042"]
[BlackElo "2065"]
[PlyCount "82"]
[EventDate "2009.04.11"]
[EventType "tourn"]
[EventRounds "13"]
[EventCountry "MGL"]
[SourceTitle "CBM 130 Extra"]
[Source "ChessBase"]
[SourceDate "2009.07.02"]
[SourceVersion "2"]
[SourceVersionDate "2009.07.15"]
[SourceQuality "1"]

1. d4 d5 2. c4 c6 3. Nf3 Nf6 4. Nc3 e6 5. Bg5 h6 6. Bh4 dxc4 7. a4 Bb4 8. e3 b5 9. Be2 Bb7 10. 0-0 a6 11. Ne5 Nbd7 12. f4 Be7 13. Nxd7 Qxd7 14. Bxf6 Bxf6 15. Bf3 0-0 16. Ne4 Be7 17. Qe1 Qc7 18. Rc1 Rac8 19. b3 cxb3 20. axb5 axb5 21. Qc3 Qb6 22. Qxb3 Ra8 23. Nc5 Bxc5 24. Rxc5 g6 25. h4 Qa6 26. Qd3 Qa3 27. Rc3 Qd6 28. Rc5 Rfd8 29. Qb3 Ra4 30. Qc3 b4 31. Qb3 Rda8 32. Rfc1 R8a6 33. Qc4 Rb6 34. Rb1 Ba6 35. Qc1 Bb5 36. Bd1 Ra3 37. Rxb4 Rba6 38. Bf3 h5 39. Rb1 Bd3 40. Kf2 Bxb1 41. Qxb1 R3a5 1/2-1/2